000 00672nam a2200193Ii 4500
003 JO-AjNU
008 230605s9999||||xx |||||||||||||| ||und||
040 _aJO-AjNU
_bara
_erda
_cJO-AjNU
041 _aara
050 1 4 _aTS176.A83 1976
100 3 _aراشد، احمد فؤاد/م مشارك عبد المنعم حمودة,
_eauthor
_916307
245 0 0 _aاساسيات التقييس وجودة الانتاج
264 3 1 _aالقاهرة: دار الجامعات المميزة ، 1976
300 _a286ص
336 _atext
_btxt
_2rdacontent
337 _aunmediated
_bn
_2rdamedia
338 _avolume
_bnc
_2rdacarrier
650 4 _aالانتاج-جودة
_916308
999 _aA4802
_c8370
_d8370